[Event "Petrov Mem Blitz 2015"]
[Site "Jurmala LAT"]
[Date "2015.03.06"]
[Round "8.6"]
[White "Rapport, Richard"]
[Black "Zilka, Stepan"]
[Result "1/2-1/2"]
[WhiteTitle "GM"]
[BlackTitle "GM"]
[WhiteElo "2709"]
[BlackElo "2528"]
[WhiteFideId "738590"]
[BlackFideId "315303"]
[EventDate "2015.03.06"]

1. b3 e5 2. Bb2 Nc6 3. e3 Nf6 4. Bb5 Bd6 5. Na3 Na5 6. Be2 c6 7. c4 O-O 8. Nc2
c5 9. Nh3 Nc6 10. O-O Bc7 11. f3 d5 12. cxd5 Nxd5 13. Nf2 b6 14. a3 Bb7 15. Rc1
Qd7 16. Bd3 Rad8 17. Qe2 f5 18. Ba6 Bxa6 19. Qxa6 Kh8 20. Rfd1 Bb8 21. Qc4 Qd6
22. e4 Nf4 23. Ne3 Na5 24. Qb5 fxe4 25. Nxe4 Qd3 26. Qxd3 Nxd3 27. Rb1 Nxb3 28.
Bxe5 Bxe5 29. Rxb3 Kg8 30. a4 Nb4 31. Nc4 Bd4+ 32. Kf1 Rb8 33. g3 a6 34. Ke2 b5
35. axb5 axb5 36. Ne3 Ra8 37. Nd6 Ra5 38. Nef5 Nc6 39. Rdb1 b4 40. f4 g6 41. Ne3
Ra2 42. Nec4 Rd8 43. Ne4 Re8 44. Kf3 Bg7 45. Re3 Nd4+ 46. Kg4 h5+ 47. Kh3 Rc8
48. Ned6 Rf8 49. Re7 Nf5 50. Nxf5 Rxf5 51. Rbe1 Rf7 52. Re8+ Kh7 53. Nd6 Rd7 54.
Ne4 b3 55. Nxc5 Rdxd2 56. Rh1 b2 57. Ne4 Rc2 58. Ng5+ Kh6 59. Nf7+ Kh7 60. Ng5+
Kh6 61. Nf7+ Kh7 1/2-1/2

[Event "Petrov Mem Blitz 2015"]
[Site "Jurmala LAT"]
[Date "2015.03.06"]
[Round "8.7"]
[White "Krakops, Maris"]
[Black "Van Wely, Loek"]
[Result "0-1"]
[WhiteTitle "GM"]
[BlackTitle "GM"]
[WhiteElo "2510"]
[BlackElo "2665"]
[WhiteFideId "11600462"]
[BlackFideId "1000268"]
[EventDate "2015.03.06"]

1. e4 c5 2. Nf3 e6 3. d4 cxd4 4. Nxd4 Nc6 5. Nc3 d6 6. Be3 Nf6 7. Qe2 a6 8.
O-O-O Bd7 9. Nb3 Rc8 10. g4 h6 11. f4 Na5 12. e5 Rxc3 13. exf6 Rc8 14. g5 gxf6
15. Bd4 hxg5 16. fxg5 e5 17. gxf6 Nc4 18. Bg2 Qxf6 19. Kb1 b5 20. Bd5 Be6 21.
Bb7 Rc7 22. Bxa6 exd4 23. Bxb5+ Kd8 24. Nxd4 Bg7 25. Rhf1 Qe5 26. Bxc4 Bxc4 27.
Qg2 Bd5 28. Qd2 Rxh2 29. Qa5 Be4 30. Qa4 Ke7 31. Qb4 Qc5 32. Qxc5 dxc5 33. Rfe1
cxd4 34. Rxe4+ Kf8 35. Rde1 Bf6 36. Rf1 Rhxc2 0-1

[Event "Petrov Mem Blitz 2015"]
[Site "Jurmala LAT"]
[Date "2015.03.06"]
[Round "8.8"]
[White "Socko, Bartosz"]
[Black "Przybylski, Wojciech"]
[Result "1-0"]
[WhiteTitle "GM"]
[BlackTitle "FM"]
[WhiteElo "2623"]
[BlackElo "2378"]
[WhiteFideId "1107038"]
[BlackFideId "1117599"]
[EventDate "2015.03.06"]

1. d4 d5 2. c4 c6 3. Nf3 Nf6 4. e3 e6 5. Bd3 Nbd7 6. Nbd2 Be7 7. O-O O-O 8. e4
dxe4 9. Nxe4 c5 10. Nxc5 Nxc5 11. dxc5 Bxc5 12. Bg5 Qc7 13. Qc2 h6 14. Bxf6 gxf6
15. Qd2 Kg7 16. b4 Be7 17. Rab1 b6 18. Qe3 Bb7 19. Rfc1 Rad8 20. Be4 f5 21. Bxb7
Qxb7 22. c5 bxc5 23. bxc5 Qc7 24. c6 Rb8 25. Ne5 Rxb1 26. Rxb1 Kh7 27. Rb7 Qd6
28. Rd7 Qb4 29. g3 Bf6 30. Nxf7 Bg7 31. Qxe6 Qb1+ 32. Kg2 f4 33. Nd6 f3+ 34. Kh3
Qf1+ 35. Kh4 Qc1 36. Qg4 Rg8 37. c7 Qc3 38. Ne4 Qe5 39. Qf4 Qe6 40. Qg4 Qe5 41.
Qxf3 Kh8 42. Kh3 Rf8 43. Qg4 Rg8 44. Kg2 h5 45. Qf4 Qe6 46. Rd6 Qe7 47. Rh6+
Bxh6 48. Qxh6+ 1-0

[Event "Petrov Mem Blitz 2015"]
[Site "Jurmala LAT"]
[Date "2015.03.06"]
[Round "9.3"]
[White "Lugovskoy, Maxim"]
[Black "Socko, Bartosz"]
[Result "0-1"]
[WhiteTitle "IM"]
[BlackTitle "GM"]
[WhiteElo "2435"]
[BlackElo "2623"]
[WhiteFideId "24126454"]
[BlackFideId "1107038"]
[EventDate "2015.03.06"]

1. e4 e6 2. d4 d5 3. Nc3 Bb4 4. exd5 exd5 5. Bd3 Nc6 6. Ne2 Be6 7. Bf4 Qd7 8.
O-O Nge7 9. a3 Bxc3 10. bxc3 O-O-O 11. a4 f6 12. a5 g5 13. Bc1 a6 14. Ba3 Bf5
15. Bxe7 Nxe7 16. c4 Bxd3 17. Qxd3 Qf5 18. Qa3 Nc6 19. cxd5 Rxd5 20. Qc3 Rhd8
21. Rfd1 Rxa5 22. Rab1 Rb5 23. Ra1 Kb8 24. Ng3 Qd5 25. Qe3 Qc4 26. c3 Rb2 27.
Ne4 Re2 28. Qf3 Rc2 29. Rab1 Ka7 30. Nc5 Rb8 31. Nd7 Rd8 32. Nc5 Rxc3 33. Qxf6
Rb8 34. Nd7 Rd8 35. Nc5 Rb8 36. Nd7 Re8 37. Nc5 Nb4 38. h3 b6 39. Nd7 Qc6 40.
Qf7 Rd8 41. Ne5 Qd6 42. Rxb4 Qxb4 43. d5 Qd6 44. Qf5 Kb7 45. Nf7 Qd7 46. Qxg5
Rf8 47. Ne5 Qd6 48. Ng4 Rc2 49. Qg7 a5 50. Qxh7 Ra2 51. Rc1 a4 52. Qd3 Rd8 53.
Qc4 Ra3 54. Ne3 Kb8 55. Qc2 Rb3 56. Qc4 Rb4 57. Qc3 Rb5 58. Qc4 Rc5 59. Qf1 Rxc1
60. Qxc1 a3 61. Qc2 Qb4 62. Nc4 Rxd5 63. Qe4 Rc5 64. Ne5 Qxe4 0-1

[Event "Petrov Mem Blitz 2015"]
[Site "Jurmala LAT"]
[Date "2015.03.06"]
[Round "9.4"]
[White "Fedoseev, Vladimir3"]
[Black "Shomoev, Anton"]
[Result "1-0"]
[WhiteTitle "GM"]
[BlackTitle "GM"]
[WhiteElo "2674"]
[BlackElo "2578"]
[WhiteFideId "24130737"]
[BlackFideId "4135148"]
[EventDate "2015.03.06"]

1. e4 g6 2. d4 Bg7 3. Nc3 d6 4. Be3 a6 5. Qd2 Nd7 6. h4 Ngf6 7. f3 b5 8. g4 h6
9. Nge2 Bb7 10. Bg2 Nb6 11. b3 h5 12. g5 Nfd7 13. O-O c5 14. f4 O-O 15. f5 cxd4
16. Nxd4 Ne5 17. fxg6 Nxg6 18. Nf5 Be5 19. Bd4 Rc8 20. Nd5 Nxd5 21. exd5 e6 22.
dxe6 Bxg2 23. exf7+ Kh7 24. Qxg2 Rxf7 25. Bxe5 dxe5 26. Qe4 Qb6+ 27. Kg2 Qc6 28.
Qxc6 Rxc6 29. Ne3 Nxh4+ 30. Kg3 Rxf1 31. Rxf1 Ng6 32. Kf3 h4 33. Ke4 Kg8 34. c4
bxc4 35. bxc4 Rc8 36. Rf6 Kh7 37. Rf7+ Kg8 38. Rf6 Kh7 39. Kf3 Rf8 40. Kg4 Kg8
41. Rxg6+ 1-0

[Event "Petrov Mem Blitz 2015"]
[Site "Jurmala LAT"]
[Date "2015.03.06"]
[Round "9.5"]
[White "Van Wely, Loek"]
[Black "Heberla, Bartlomiej"]
[Result "1-0"]
[WhiteTitle "GM"]
[BlackTitle "GM"]
[WhiteElo "2665"]
[BlackElo "2567"]
[WhiteFideId "1000268"]
[BlackFideId "1115120"]
[EventDate "2015.03.06"]

1. d4 d5 2. c4 c6 3. Nf3 Nf6 4. Nc3 dxc4 5. a4 Bg4 6. Ne5 Bh5 7. h3 e6 8. g4 Bg6
9. e3 Na6 10. Bxc4 Nb4 11. Nxg6 hxg6 12. Kf1 a5 13. Kg2 Qc7 14. e4 Rd8 15. Be3
Bd6 16. Qf3 e5 17. dxe5 Bxe5 18. Rad1 O-O 19. g5 Nh5 20. Ne2 Nc2 21. Bc5 Bd6 22.
Rxd6 Rxd6 23. e5 Rd2 24. Bxf8 Rxe2 25. Bxe2 Nd4 26. Bd6 Qb6 27. Qe3 Qxb2 28.
Bxh5 Nf5 29. Qe2 Nh4+ 30. Kh2 Qd4 31. Bg4 Qf4+ 32. Kg1 Qc1+ 33. Qf1 Qxg5 34. e6
Nf3+ 35. Kg2 Nh4+ 36. Kh2 f5 37. Bd1 Qd2 38. Bg3 1-0

[Event "Petrov Mem Blitz 2015"]
[Site "Jurmala LAT"]
[Date "2015.03.06"]
[Round "9.6"]
[White "Popov, Valerij"]
[Black "Yevseev, Denis"]
[Result "0-1"]
[WhiteTitle "GM"]
[BlackTitle "GM"]
[WhiteElo "2555"]
[BlackElo "2515"]
[WhiteFideId "4119410"]
[BlackFideId "4126378"]
[EventDate "2015.03.06"]

1. c4 c6 2. Nf3 d5 3. e3 Nf6 4. d4 Bf5 5. Nh4 Be4 6. Nd2 e6 7. Qb3 Qc7 8. Be2
Be7 9. O-O Nbd7 10. Nxe4 dxe4 11. g3 c5 12. Bd2 O-O 13. Rfd1 Rfd8 14. Rac1 Nf8
15. Bc3 Ng6 16. Ng2 h6 17. a3 b6 18. Qc2 a5 19. Qa4 Rac8 20. b4 axb4 21. axb4
cxb4 22. Bxb4 Bxb4 23. Qxb4 e5 24. Rb1 exd4 25. exd4 Rb8 26. Ne3 Ne7 27. Rd2 h5
28. h4 g6 29. d5 Qe5 30. Rbd1 Nf5 31. Nxf5 Qxf5 32. Qc3 Nd7 33. d6 Nc5 34. Rd5
Qe6 35. Qe3 Rd7 36. Qf4 Rbd8 37. g4 hxg4 38. Bxg4 f5 39. Bh3 Nd3 40. Qg5 Rxd6
41. Bxf5 Qf7 42. h5 Rxd5 43. cxd5 Rxd5 44. Qxg6+ Qxg6+ 45. Bxg6 Rg5+ 46. Kf1 Nc5
47. Rd6 b5 48. h6 Nb7 49. Rb6 0-1

[Event "Petrov Mem Blitz 2015"]
[Site "Jurmala LAT"]
[Date "2015.03.06"]
[Round "9.7"]
[White "Novikov, Stanislav"]
[Black "Meskovs, Nikita"]
[Result "1-0"]
[WhiteTitle "GM"]
[BlackTitle "IM"]
[WhiteElo "2550"]
[BlackElo "2450"]
[WhiteFideId "4125371"]
[BlackFideId "11602740"]
[EventDate "2015.03.06"]

1. e4 c5 2. Nf3 e6 3. g3 Nc6 4. Bg2 Nf6 5. Qe2 e5 6. O-O Be7 7. d3 O-O 8. c3 d6
9. a3 a5 10. a4 Re8 11. Na3 Bf8 12. Nd2 g6 13. Ndc4 Be6 14. Nb5 d5 15. exd5 Bxd5
16. Bg5 Bxg2 17. Kxg2 h6 18. Bxf6 Qxf6 19. Nc7 Bg7 20. Rae1 Rad8 21. Nxe8 Rxe8
22. f4 Qd8 23. fxe5 Nxe5 24. Nxe5 Rxe5 25. Qf3 Rf5 26. Qxb7 Qxd3 27. Qe4 Qxe4+
28. Rxe4 Rd5 29. Re8+ Bf8 30. Rb8 c4 31. Rb7 f5 32. Rf2 h5 33. Re2 Bc5 34. Rb5
Kg7 35. Rxa5 Kf6 36. Rb5 g5 37. a5 f4 38. gxf4 gxf4 39. a6 1-0

[Event "Petrov Mem Blitz 2015"]
[Site "Jurmala LAT"]
[Date "2015.03.06"]
[Round "9.8"]
[White "Krasenkow, Michal"]
[Black "Kovalev, Andrei"]
[Result "1-0"]
[WhiteTitle "GM"]
[BlackTitle "GM"]
[WhiteElo "2614"]
[BlackElo "2484"]
[WhiteFideId "1113100"]
[BlackFideId "13500023"]
[EventDate "2015.03.06"]

1. d4 Nf6 2. c4 g6 3. Nc3 Bg7 4. e4 d6 5. Nf3 O-O 6. h3 e5 7. d5 Nh5 8. g3 a5 9.
Nh2 Nf6 10. Ng4 Nbd7 11. Bg5 h5 12. Nh6+ Kh7 13. Qd2 Nc5 14. Bg2 Bd7 15. O-O-O
Qe8 16. g4 h4 17. Bxf6 Bxf6 18. g5 Bg7 19. Ng4 Qe7 20. Rdf1 a4 21. Kb1 Rab8 22.
f4 exf4 23. Qxf4 Bxg4 24. hxg4 Be5 25. Rxh4+ Kg7 26. Qe3 Rh8 27. Rh6 Rbe8 28.
Ne2 a3 29. b3 Rxh6 30. gxh6+ Kh7 31. g5 Bh8 32. Qf4 Rf8 33. Ng3 Be5 34. Qe3 b5
35. cxb5 Qd7 36. Kc2 Qxb5 37. Rf2 Nxb3 38. Qxb3 Qc5+ 1-0

[Event "Petrov Mem Blitz 2015"]
[Site "Jurmala LAT"]
[Date "2015.03.06"]
[Round "10.3"]
[White "Kovalev, Andrei"]
[Black "Van Wely, Loek"]
[Result "0-1"]
[WhiteTitle "GM"]
[BlackTitle "GM"]
[WhiteElo "2484"]
[BlackElo "2665"]
[WhiteFideId "13500023"]
[BlackFideId "1000268"]
[EventDate "2015.03.06"]

1. e4 c5 2. Nf3 e6 3. Nc3 a6 4. d4 cxd4 5. Nxd4 Qc7 6. Bd3 Nf6 7. Qe2 d6 8. f4
Nbd7 9. O-O b6 10. Kh1 Bb7 11. Bd2 Be7 12. Rae1 O-O 13. e5 dxe5 14. fxe5 Nd5 15.
Nxd5 Bxd5 16. Bf4 Nc5 17. Qg4 Kh8 18. Re3 Nxd3 19. cxd3 Bc5 20. Rg3 f5 21. exf6
Rxf6 22. h3 e5 23. Nf5 exf4 24. Nxg7 fxg3 25. Rxf6 Qxg7 26. Qf5 Re8 0-1

[Event "Petrov Mem Blitz 2015"]
[Site "Jurmala LAT"]
[Date "2015.03.06"]
[Round "10.4"]
[White "Socko, Bartosz"]
[Black "Popov, Valerij"]
[Result "1/2-1/2"]
[WhiteTitle "GM"]
[BlackTitle "GM"]
[WhiteElo "2623"]
[BlackElo "2555"]
[WhiteFideId "1107038"]
[BlackFideId "4119410"]
[EventDate "2015.03.06"]

1. d4 d5 2. c4 c6 3. Nf3 Nf6 4. e3 a6 5. Bd3 Bg4 6. Nbd2 e6 7. Qb3 Qc7 8. Ne5
Bh5 9. Ndf3 Nbd7 10. Bd2 Bd6 11. Nxd7 Nxd7 12. Rc1 O-O 13. e4 dxe4 14. Bxe4 Nf6
15. Bb1 c5 16. Bg5 Bf4 17. Bxf4 Qxf4 18. Qe3 Qxe3+ 19. fxe3 Rac8 20. Ke2 Rc7 21.
Rhd1 Rfc8 22. dxc5 Rxc5 23. b4 R5c7 24. c5 a5 25. a3 axb4 26. axb4 Nd5 27. Rd4
Ra8 28. e4 Ne7 29. Rcd1 Nc6 30. Rc4 f6 31. b5 Ne5 32. Rc3 Ra5 33. b6 Rcxc5 34.
Rxc5 Rxc5 35. Rd8+ Kf7 36. Rb8 Nd7 37. Rxb7 Ke7 38. Bd3 Kd6 39. Kd2 Bxf3 40.
gxf3 g5 41. Ra7 Nxb6 42. Rxh7 Nd7 43. h4 gxh4 44. Rxh4 Ne5 1/2-1/2

[Event "Petrov Mem Blitz 2015"]
[Site "Jurmala LAT"]
[Date "2015.03.06"]
[Round "10.5"]
[White "Sakaev, Konstantin"]
[Black "Novikov, Stanislav"]
[Result "1-0"]
[WhiteTitle "GM"]
[BlackTitle "GM"]
[WhiteElo "2594"]
[BlackElo "2550"]
[WhiteFideId "4104226"]
[BlackFideId "4125371"]
[EventDate "2015.03.06"]

1. d4 g6 2. c4 Bg7 3. Nf3 d6 4. Nc3 Bg4 5. e3 Nf6 6. Be2 O-O 7. h3 Bxf3 8. Bxf3
Nc6 9. O-O Nd7 10. g3 e5 11. d5 Ne7 12. e4 f5 13. h4 Nf6 14. Bg5 h6 15. Bxf6
Bxf6 16. h5 Qe8 17. Kg2 Bg5 18. Rh1 Qf7 19. Qe2 Kg7 20. hxg6 Nxg6 21. exf5 Qxf5
22. Bg4 Qf7 23. Ne4 Ne7 24. Rh5 Qg6 25. Rah1 1-0

[Event "Petrov Mem Blitz 2015"]
[Site "Jurmala LAT"]
[Date "2015.03.06"]
[Round "10.6"]
[White "Lugovskoy, Maxim"]
[Black "Ehlvest, Jaan"]
[Result "0-1"]
[WhiteTitle "IM"]
[BlackTitle "GM"]
[WhiteElo "2435"]
[BlackElo "2547"]
[WhiteFideId "24126454"]
[BlackFideId "4500016"]
[EventDate "2015.03.06"]

1. e4 e5 2. Nf3 Nc6 3. Nc3 g6 4. d4 exd4 5. Nxd4 Bg7 6. Nxc6 bxc6 7. Be2 d6 8.
O-O Nf6 9. Bg5 h6 10. Bh4 O-O 11. f4 Qe8 12. Bf3 Rb8 13. Rb1 Nh7 14. Qd2 Be6 15.
b3 Qc8 16. h3 Qa6 17. Ne2 Rfe8 18. a4 Qb6+ 19. Kh1 Qb4 20. Qd3 f5 21. Ng3 Bf7
22. exf5 g5 23. f6 gxh4 24. Nf5 Nxf6 25. Bxc6 Rf8 26. Nxh4 Qc5 27. Bf3 Rbe8 28.
Nf5 Kh8 29. b4 Qc4 30. Qd2 Bg6 31. Nh4 Bh7 32. Rbe1 Qxc2 33. Qd4 Ne4 34. Bxe4
Bxe4 35. Qxa7 Bf6 36. Rf2 Qc3 37. Rxe4 Bxh4 38. Rfe2 Rxe4 39. Rxe4 Bg3 40. Qd4+
Qxd4 41. Rxd4 Rxf4 42. Rxf4 Bxf4 43. a5 Be3 44. b5 Kg7 45. g3 Kf6 46. Kg2 Ke5
47. Kf3 Bc5 48. g4 d5 49. h4 d4 50. Ke2 Ke4 51. g5 d3+ 52. Kd1 hxg5 53. hxg5 Kf5
54. Kd2 Bb4+ 55. Kxd3 Bxa5 0-1

[Event "Petrov Mem Blitz 2015"]
[Site "Jurmala LAT"]
[Date "2015.03.06"]
[Round "10.7"]
[White "Heberla, Bartlomiej"]
[Black "Gleizerov, Evgeny"]
[Result "1/2-1/2"]
[WhiteTitle "GM"]
[BlackTitle "GM"]
[WhiteElo "2567"]
[BlackElo "2531"]
[WhiteFideId "1115120"]
[BlackFideId "4101332"]
[EventDate "2015.03.06"]

1. c4 e5 2. g3 Nc6 3. Bg2 g6 4. Nc3 Bg7 5. Nf3 Nf6 6. d3 O-O 7. O-O d6 8. Rb1 a5
9. a3 Re8 10. Bg5 h6 11. Bxf6 Bxf6 12. Nd2 Bg7 13. e3 f5 14. b4 axb4 15. axb4 e4
16. d4 Ne7 17. Ra1 Be6 18. Rxa8 Qxa8 19. Qa1 c5 20. Nb5 cxd4 21. exd4 Qxa1 22.
Rxa1 Nc6 23. Nc7 Bxd4 24. Nxe8 Bxa1 25. Nxd6 Nxb4 26. Nxb7 Bc3 27. Nb1 Bd4 28.
Bf1 Nd3 29. Bxd3 exd3 30. Na5 Bb6 31. Nb3 Bxc4 32. N3d2 Ba6 33. Kf1 Kf7 34. Ke1
Ba5 35. Kd1 Bb4 36. Nf3 Ke6 37. Nbd2 Bc5 38. Ke1 g5 39. h4 g4 40. Nh2 Kd5 41.
Nhf1 Kd4 42. Ne3 Bb4 43. Nxf5+ Kc3 44. Ne3 h5 45. Kd1 Bc5 46. Ne4+ Kd4 47. Nxc5
Kxc5 48. Ng2 Kd4 49. Kd2 Ke4 50. Nf4 Kf3 51. Nxh5 Kxf2 52. Nf6 Bc8 53. Kxd3 Kxg3
54. h5 Bf5+ 1/2-1/2

[Event "Petrov Mem Blitz 2015"]
[Site "Jurmala LAT"]
[Date "2015.03.06"]
[Round "10.8"]
[White "Meskovs, Nikita"]
[Black "Shirov, Alexei"]
[Result "1/2-1/2"]
[WhiteTitle "IM"]
[BlackTitle "GM"]
[WhiteElo "2450"]
[BlackElo "2691"]
[WhiteFideId "11602740"]
[BlackFideId "2209390"]
[EventDate "2015.03.06"]

1. d4 d5 2. Nf3 Nf6 3. c4 c6 4. Nc3 e6 5. e3 Nbd7 6. Qc2 Bd6 7. b3 O-O 8. Be2 e5
9. cxd5 cxd5 10. Nb5 Bb4+ 11. Bd2 Bxd2+ 12. Nxd2 a6 13. Nc3 exd4 14. exd4 Re8
15. O-O Nf8 16. Rfe1 Ng6 17. Nf1 Be6 18. Ne3 Rc8 19. Rac1 Ne4 20. Qb2 Nf4 21.
Nxe4 Rxc1 22. Qxc1 dxe4 23. Qc5 b6 24. Qc3 Qg5 25. g3 Rc8 26. Qd2 Nh3+ 27. Kg2
Nf4+ 28. Kg1 Nh3+ 29. Kg2 Nf4+ 30. Kg1 1/2-1/2